Принятие рискованных решений в экономике и бизнесе

Détails bibliographiques
Auteur principal: Князевская Н. В.
Autres auteurs: Князевский В. С.
Langue:russe
Publié: Москва, Контур, 1998
Sujets:
Format: MixedMaterials Livre
KOHA link:https://koha.lib.tpu.ru/cgi-bin/koha/opac-detail.pl?biblionumber=12140

MARC

LEADER 00000nam0a2200000 4500
001 12140
005 20231030184107.0
010 |a 5860650566 
035 |a (RuTPU)RU\TPU\book\12216 
035 |a BOOK00012282 
090 |a 12140 
100 |a 20011209d1998 m y0rusy50 ca 
101 0 |a rus 
102 |a RU 
105 |a y z 000zy 
200 1 |a Принятие рискованных решений в экономике и бизнесе  |f Н. В. Князевская, В. С. Князевский 
210 |a Москва  |c Контур  |d 1998 
215 |a 159 с. 
610 1 |a экономика 
610 1 |a бизнес 
610 1 |a принятие решений 
610 1 |a риски 
610 1 |a финансовые риски 
686 |a У012.14  |v LBC/SL-A  |2 rubbk 
700 1 |a Князевская  |b Н. В. 
701 1 |a Князевский  |b В. С. 
801 0 |a RU  |b 63413507  |c 20011209  |g PSBO 
801 2 |a RU  |b 63413507  |c 20170614  |g PSBO 
942 |c BK